000 00620nam a2200241Ia 4500
005 20250425162345.0
008 250425s9999 xx 000 0 und d
020 _a9789889919849
041 _aeng
082 _a658.4
100 _aHUGH, THOMAS
245 0 _aGEM HONG KONG 2007
250 _aS.E.
260 _aHong Kong
_bTHE ASIA PACIFIC INSTITUTE OF BUSINESS
_c2007
260 _aS.L.
_bTHE ASIA PACIFIC INSTITUTE OF BUSINESS
300 _a84
500 _aILUSTRADO
650 _aEMPRESAS
650 _aNEGOCIOS
710 _aTHE ASIA PACIFIC INSTITUTE OF BUSINESS
942 _c01
010 _a65341
999 _c227591
_d227591